Państwa po węgiersku - Statystyki

Ogólne statystyki
  • Ten quiz został rozwiązany 170 razy
  • Średni wynik to 15 z 28
Statystyki odpowiedzi
węgierski polski % Poprawnych
Franciaország Francja
86%
Izland Islandia
83%
Új-Zéland Nowa Zelandia
82%
Finnország Finlandia
81%
Csehország Czechy
80%
Svédország Szwecja
78%
Magyarország Węgry
77%
Egyesült Arab Emírségek Zjednoczone Emiraty Arabskie
76%
Horvátország Chorwacja
75%
Spanyolország Hiszpania
73%
Lengyelország Polska
71%
Svájc Szwajcaria
71%
Németország Niemcy
68%
Dél-afrikai Köztársaság Republika Południowej Afryki
67%
Írország Irlandia
64%
Comore-szigetek Komory
60%
Törökország Turcja
54%
Észtország Estonia
53%
Kína Chiny
40%
Egyesült Államok Stany Zjednoczone
33%
Görögország Grecja
31%
Egyesült Királyság Wielka Brytania
28%
Fülöp-szigetek Filipiny
23%
Oroszország Rosja
23%
Elefántcsontpart Wybrzeże Kości Słoniowej
21%
Olaszország Włochy
17%
Fehéroroszország Białoruś
11%
Zöld-foki Köztársaság Republika Zielonego Przylądka
10%
Nie znaleziono quizów pasujących do podanych kryteriów
Rozkład punktacji
Procent ludzi z każdym wynikiem
Percentyl według liczby udzielonych odpowiedzi
Twoja historia wyników
Nie rozwiązałeś tego quizu